A Course in Robust Control Theory a convex approach (E BOOK) (Record no. 208667)
[ view plain ]
| 000 -LEADER | |
|---|---|
| fixed length control field | 00730 a2200133 4500 |
| 003 - CONTROL NUMBER IDENTIFIER | |
| control field | Nust |
| 005 - DATE AND TIME OF LATEST TRANSACTION | |
| control field | 20170207164334.0 |
| 040 ## - CATALOGING SOURCE | |
| Transcribing agency | Nust |
| 245 ## - TITLE STATEMENT | |
| Title | A Course in Robust Control Theory a convex approach (E BOOK) |
| Statement of responsibility, etc. | Geir E. Dullerud and Fernando G. Paganini |
| 300 ## - PHYSICAL DESCRIPTION | |
| Extent | 396p |
| 505 ## - FORMATTED CONTENTS NOTE | |
| Formatted contents note | Introduction 11 Preliminaries in Finite Dimensional Space 182 State Space System Theory 573 Linear Analysis 974 Model realizations and reduction 131. . . . 6 H2 Optimal Control 188Synthesis 2088 Uncertain Systems 2279 Feedback Control of Uncertain Systems 27010 Further Topics: Analysis 29811 Further Topics: Synthesis 323A Some Basic Measure Theory 352 Stabilizing Controllers 167 |
| 538 ## - SYSTEM DETAILS NOTE | |
| System details note | E Book |
| 650 ## - SUBJECT ADDED ENTRY--TOPICAL TERM | |
| Topical term or geographic name entry element | A Course in Robust Control Theory |
| 942 ## - ADDED ENTRY ELEMENTS (KOHA) | |
| Source of classification or shelving scheme | |
| Koha item type | Book |
| Withdrawn status | Lost status | Source of classification or shelving scheme | Damaged status | Not for loan | Collection code | Permanent Location | Current Location | Date acquired | Total Checkouts | Barcode | Date last seen | Price effective from | Koha item type |
|---|---|---|---|---|---|---|---|---|---|---|---|---|---|
| Military College of Signals (MCS) | Military College of Signals (MCS) | 12/12/2016 | MCSEB-1011 | 12/08/2016 | 12/12/2016 | Book |
